| 000 | 00603nam a2200229Ia 4500 | ||
|---|---|---|---|
| 003 | OSt | ||
| 005 | 20221007063536.0 | ||
| 006 | a|||||r|||| 00| 0 | ||
| 007 | ta | ||
| 008 | 221006b |||||||| |||| 00| 0 eng d | ||
| 024 | _a15,509 | ||
| 037 | _cTextual | ||
| 040 |
_aFLL _cFLL _beng |
||
| 041 |
_2eng _aeng |
||
| 082 | _aX62:Z2, F7 | ||
| 100 | _aTannan M.L. Au. | ||
| 245 | 0 | _aBanking law and practice in India | |
| 260 |
_aCalcutta _bButterworths India _c1927 |
||
| 300 |
_axxiii,408p _ccm. |
||
| 942 |
_hX62:Z2, F7 _cTEXL _2CC |
||
| 999 |
_c1131505 _d1131505 |
||